[Event "Int SVK-ch Open 2020"]
[Site "Drienica"]
[Date "2020.08.15"]
[Round "7.5"]
[White "Mrvova, Alena"]
[Black "Bochnicka, Vladimir"]
[Result "0-1"]
[WhiteElo "2188"]
[BlackElo "2123"]
[Annotator "ChessBase"]
[PlyCount "130"]
[EventDate "2020.08.07"]
[EventType "swiss"]
[EventCountry "SVK"]
[TimeControl "40/5400+30:1800+30"]

1. e4 {[%emt 0:00:00]} c5 {[%emt 0:00:00]} 2. Nf3 {[%emt 0:00:19]} Nc6 {[%emt 0:00:00]} 3. Nc3 {[%emt 0:00:13]} d6 {[%emt 0:00:30]} 4. Bc4 {[%emt 0:01:36]} Nf6 {[%emt 0:00:56]} 5. d4 {[%emt 0:01:20]} cxd4 {[%emt 0:00:37]} 6. Nxd4 {[%emt 0:00:06]} e6 {[%emt 0:03:04]} 7. Bb3 {[%emt 0:01:31]} a6 {[%emt 0:01:54]} 8. a4 {[%emt 0:00:42]} Be7 {[%emt 0:01:13]} 9. O-O {[%emt 0:00:39]} O-O {[%emt 0:00:09]} 10. Nde2 {[%emt 0:00:50]} b6 {[%emt 0:03:29]} 11. Ng3 {[%emt 0:01:57]} Bb7 {[%emt 0:01:18]} 12. Be3 {[%emt 0:02:19]} Qc7 {[%emt 0:04:29]} 13. Qe2 {[%emt 0:00:44]} Rfd8 {[%emt 0:00:56]} 14. Rad1 {[%emt 0:05:12]} Nb4 {[%emt 0:05:13]} 15. f3 {[%emt 0:01:53]} d5 {[%emt 0:04:31]} 16. Kh1 {[%emt 0:08:53]} Rac8 {[%emt 0:09:20]} 17. Bf2 {[%emt 0:04:31]} Bd6 {[%emt 0:08:39]} 18. Nb1 {[%emt 0:07:59]} dxe4 {[%emt 0:02:35]} 19. fxe4 {[%emt 0:00:20]} Nc6 {[%emt 0:00:28]} 20. c3 {[%emt 0:05:39]} Ne5 {[%emt 0:01:28]} 21. Bd4 {[%emt 0:00:55]} Rd7 {[%emt 0:11:07]} 22. Nd2 {[%emt 0:04:18]} Rcd8 {[%emt 0:00:57]} 23. Rde1 {[%emt 0:03:00]} Bc5 {[%emt 0:09:10]} 24. Rxf6 {[%emt 0:00:46]} Bxd4 {[%emt 0:12:14]} 25. Rxf7 {[%emt 0:02:49]} Nxf7 {[%emt 0:01:33]} 26. cxd4 {[%emt 0:00:13]} Rxd4 {[%emt 0:01:49]} 27. Nf3 {[%emt 0:00:08]} R4d6 {[%emt 0:02:31]} 28. Bc4 {[%emt 0:00:46]} Qc5 {[%emt 0:01:07]} 29. Nf5 {[%emt 0:04:50]} Rc6 {[%emt 0:06:34]} 30. Ba2 {[%emt 0:04:45]} Kh8 {[%emt 0:00:45]} 31. Ne3 {[%emt 0:04:00]} b5 {[%emt 0:02:06]} 32. axb5 {[%emt 0:02:56]} axb5 {[%emt 0:00:07]} 33. e5 {[%emt 0:00:08]} Ra6 {[%emt 0:01:24]} 34. Bb1 {[%emt 0:00:04]} Bxf3 {[%emt 0:03:41]} 35. Qxf3 {[%emt 0:00:45]} Qe7 {[%emt 0:00:46]} 36. Qh5 {[%emt 0:01:09]} Nh6 {[%emt 0:00:17]} 37. Ng4 {[%emt 0:00:55]} Qb4 {[%emt 0:00:32]} 38. Qh4 {[%emt 0:00:04]} Rf8 {[%emt 0:00:38]} 39. h3 {[%emt 0:01:06]} Nf5 {[%emt 0:00:38]} 40. Qf2 {[%emt 0:00:22]} Qd4 {[%emt 0:00:39]} 41. Qc2 {[%emt 0:33:37]} Raa8 {[%emt 0:06:41]} 42. Ne3 {[%emt 0:00:00]} Qh4 {[%emt 0:01:15]} 43. Qc3 {[%emt 0:00:00]} Nxe3 {[%emt 0:02:12]} 44. Qxe3 {[%emt 0:00:00]} Rf7 {[%emt 0:01:48]} 45. Rd1 {[%emt 0:00:00]} Raf8 {[%emt 0:01:32]} 46. Qd3 {[%emt 0:00:00]} g6 {[%emt 0:00:32]} 47. Ba2 {[%emt 0:00:00]} Qh5 {[%emt 0:01:49]} 48. Re1 {[%emt 0:00:00]} Rf3 {[%emt 0:03:33]} 49. Qe2 {[%emt 0:00:00]} Rf1+ {[%emt 0:05:21]} 50. Kh2 {[%emt 0:00:00]} Qxe2 {[%emt 0:02:26]} 51. Rxe2 {[%emt 0:00:00]} R8f2 {[%emt 0:01:10]} 52. Re3 {[%emt 0:00:00]} Rxb2 {[%emt 0:00:21]} 53. Bxe6 {[%emt 0:00:00]} Rff2 {[%emt 0:00:19]} 54. Bd5 {[%emt 0:00:00]} Rfe2 {[%emt 0:01:01]} 55. Ra3 {[%emt 0:00:00]} Rxe5 {[%emt 0:00:18]} 56. Ra8+ {[%emt 0:00:00]} Kg7 {[%emt 0:00:11]} 57. Ra7+ {[%emt 0:00:00]} Kf6 {[%emt 0:01:41]} 58. Bf3 {[%emt 0:00:00]} Re7 {[%emt 0:00:17]} 59. Ra6+ {[%emt 0:00:00]} Ke5 {[%emt 0:00:11]} 60. Kg3 {[%emt 0:00:00]} b4 {[%emt 0:01:19]} 61. Ra5+ {[%emt 0:00:00]} Kd4 {[%emt 0:00:45]} 62. Rb5 {[%emt 0:00:00]} b3 {[%emt 0:01:02]} 63. Rd5+ {[%emt 0:00:00]} Kc4 {[%emt 0:00:45]} 64. Rd1 {[%emt 0:00:00]} Rc2 {[%emt 0:00:30]} 65. Bd5+ {[%emt 0:00:00]} Kc3 {[%emt 0:00:14]} 0-1

[Event "Int SVK-ch Open 2020"]
[Site "Drienica"]
[Date "2020.08.13"]
[Round "7.5"]
[White "Antal, Jakub"]
[Black "Furman, Slavomir"]
[Result "1/2-1/2"]
[WhiteElo "1939"]
[BlackElo "1754"]
[Annotator "ChessBase"]
[PlyCount "26"]
[EventDate "2020.08.07"]
[EventType "swiss"]
[EventCountry "SVK"]
[SourceTitle "playchess.com"]
[Source "ChessBase"]
[SourceQuality "1"]
[TimeControl "40/5400+30:1800+30"]

1. b3 {[%emt 0:00:00]} d5 {[%emt 0:00:00]} 2. Bb2 {[%emt 0:00:04]} Bf5 {[%emt 0:00:28]} 3. Nf3 {[%emt 0:01:54]} e6 {[%emt 0:00:36]} 4. d3 {[%emt 0:03:50]} h6 {[%emt 0:01:31]} 5. g3 {[%emt 0:04:44]} Nf6 {[%emt 0:00:40]} 6. Bg2 {[%emt 0:01:23]} Be7 {[%emt 0:00:31]} 7. O-O {[%emt 0:00:34]} O-O {[%emt 0:00:10]} 8. c4 {[%emt 0:03:20]} c6 {[%emt 0:00:38]} 9. Qd2 {[%emt 0:02:54]} a5 {[%emt 0:03:24]} 10. a3 {[%emt 0:05:19]} Re8 {[%emt 0:16:26]} 11. Nc3 {[%emt 0:13:15]} Nbd7 {[%emt 0:04:55]} 12. Rfe1 {[%emt 0:13:46]} Nc5 {[%emt 0:06:06]} 13. Qc2 {[%emt 0:16:55]} Qb6 1/2-1/2

[Event "Int SVK-ch Open 2020"]
[Site "Drienica"]
[Date "2020.08.15"]
[Round "7.6"]
[White "Juhar, Roman"]
[Black "Macko, Michal"]
[Result "1-0"]
[WhiteElo "2225"]
[BlackElo "2148"]
[Annotator "ChessBase"]
[PlyCount "99"]
[EventDate "2020.08.07"]
[EventType "swiss"]
[EventCountry "SVK"]
[TimeControl "40/5400+30:1800+30"]

1. f4 {[%emt 0:00:00]} g6 {[%emt 0:00:00]} 2. Nf3 {[%emt 0:00:02]} d5 {[%emt 0:00:00]} 3. e3 {[%emt 0:00:18]} Bg7 {[%emt 0:00:11]} 4. c4 {[%emt 0:00:46]} c6 {[%emt 0:01:59]} 5. cxd5 {[%emt 0:01:28]} cxd5 {[%emt 0:00:07]} 6. d4 {[%emt 0:01:10]} Nf6 {[%emt 0:00:31]} 7. Bd3 {[%emt 0:02:46]} O-O {[%emt 0:00:34]} 8. O-O {[%emt 0:00:19]} Qb6 {[%emt 0:01:45]} 9. Nc3 {[%emt 0:00:59]} Bd7 {[%emt 0:01:30]} 10. Ne5 {[%emt 0:00:39]} Bf5 {[%emt 0:05:32]} 11. g4 {[%emt 0:02:52]} Bxd3 {[%emt 0:00:30]} 12. Qxd3 {[%emt 0:00:08]} Rd8 {[%emt 0:00:20]} 13. Na4 {[%emt 0:02:27]} Qa6 {[%emt 0:01:47]} 14. Qa3 {[%emt 0:04:30]} Qd6 {[%emt 0:05:22]} 15. Bd2 {[%emt 0:10:45]} Qxa3 {[%emt 0:02:48]} 16. bxa3 {[%emt 0:02:00]} Nbd7 {[%emt 0:05:38]} 17. Rac1 {[%emt 0:06:58]} Ne8 {[%emt 0:04:23]} 18. Bb4 {[%emt 0:03:11]} Bf8 {[%emt 0:00:52]} 19. Rf2 {[%emt 0:00:48]} Ndf6 {[%emt 0:02:33]} 20. Rfc2 {[%emt 0:00:36]} Ne4 {[%emt 0:00:42]} 21. Nc5 {[%emt 0:01:07]} Nxc5 {[%emt 0:00:48]} 22. Bxc5 {[%emt 0:01:22]} e6 {[%emt 0:02:01]} 23. g5 {[%emt 0:02:23]} Bd6 {[%emt 0:00:25]} 24. Ng4 {[%emt 0:03:01]} Kg7 {[%emt 0:00:42]} 25. Kf2 {[%emt 0:10:38]} Rd7 {[%emt 0:06:35]} 26. Ke2 {[%emt 0:01:35]} Rc8 {[%emt 0:00:38]} 27. Bxa7 {[%emt 0:01:36]} Rdc7 {[%emt 0:00:34]} 28. Rxc7 {[%emt 0:00:47]} Rxc7 {[%emt 0:00:05]} 29. Rxc7 {[%emt 0:00:13]} Bxc7 {[%emt 0:01:03]} 30. Bc5 {[%emt 0:00:13]} f5 {[%emt 0:01:35]} 31. Nf2 {[%emt 0:01:15]} h6 {[%emt 0:01:33]} 32. h4 {[%emt 0:01:08]} hxg5 {[%emt 0:00:03]} 33. hxg5 {[%emt 0:00:06]} Kf7 {[%emt 0:00:03]} 34. a4 {[%emt 0:00:20]} Ng7 {[%emt 0:00:07]} 35. Nd3 {[%emt 0:01:08]} Nh5 {[%emt 0:01:26]} 36. Bb4 {[%emt 0:00:55]} Ng3+ {[%emt 0:00:48]} 37. Kf3 {[%emt 0:03:27]} Ne4 {[%emt 0:00:28]} 38. a5 {[%emt 0:04:34]} Ke8 {[%emt 0:00:07]} 39. Bc5 {[%emt 0:01:20]} Kd7 {[%emt 0:00:34]} 40. a4 {[%emt 0:06:25]} Nc3 {[%emt 0:00:38]} 41. Bb4 {[%emt 0:32:38]} Ne4 {[%emt 0:34:44]} 42. Ne1 {[%emt 0:01:27]} Bd8 {[%emt 0:00:53]} 43. Ke2 {[%emt 0:01:33]} Bc7 {[%emt 0:01:43]} 44. Kd3 {[%emt 0:01:41]} Bd8 {[%emt 0:00:15]} 45. Nf3 {[%emt 0:00:09]} Bc7 {[%emt 0:01:52]} 46. Nh4 {[%emt 0:02:00]} Nf2+ {[%emt 0:00:56]} 47. Ke2 {[%emt 0:00:26]} Ng4 {[%emt 0:00:06]} 48. Nxg6 {[%emt 0:00:18]} Ke8 {[%emt 0:00:23]} 49. Nf8 {[%emt 0:00:50]} Kf7 {[%emt 0:00:10]} 50. Nd7 {[%emt 0:01:38]} 1-0

[Event "Int SVK-ch Open 2020"]
[Site "Drienica"]
[Date "2020.08.13"]
[Round "7.6"]
[White "Paluska, Karol"]
[Black "Mandak, Miroslav"]
[Result "1/2-1/2"]
[WhiteElo "1873"]
[BlackElo "1927"]
[Annotator "ChessBase"]
[PlyCount "103"]
[EventDate "2020.08.07"]
[EventType "swiss"]
[EventCountry "SVK"]
[SourceTitle "playchess.com"]
[Source "ChessBase"]
[SourceQuality "1"]
[TimeControl "40/5400+30:1800+30"]

1. Nf3 {[%emt 0:00:00]} c5 {[%emt 0:00:08]} 2. c4 {[%emt 0:00:00]} Nc6 {[%emt 0:01:05]} 3. Nc3 {[%emt 0:00:00]} g6 {[%emt 0:01:35]} 4. g3 {[%emt 0:00:27]} Bg7 {[%emt 0:00:33]} 5. Bg2 {[%emt 0:00:05]} Nf6 {[%emt 0:03:38]} 6. O-O {[%emt 0:00:27]} O-O {[%emt 0:00:45]} 7. d4 {[%emt 0:02:55]} cxd4 {[%emt 0:00:43]} 8. Nxd4 {[%emt 0:00:05]} Nxd4 {[%emt 0:04:53]} 9. Qxd4 {[%emt 0:00:06]} d6 {[%emt 0:02:31]} 10. b3 {[%emt 0:03:12]} Bf5 {[%emt 0:10:48]} 11. Bb2 {[%emt 0:02:51]} Ne4 {[%emt 0:06:36]} 12. Qe3 {[%emt 0:00:26]} Nxc3 {[%emt 0:00:58]} 13. Bxc3 {[%emt 0:00:09]} Bxc3 {[%emt 0:01:36]} 14. Qxc3 {[%emt 0:00:05]} Qc7 {[%emt 0:00:32]} 15. Rac1 {[%emt 0:02:26]} Rac8 {[%emt 0:00:50]} 16. Qe3 {[%emt 0:17:03]} b6 {[%emt 0:04:20]} 17. Qh6 {[%emt 0:01:08]} Qc5 {[%emt 0:03:21]} 18. Rfd1 {[%emt 0:02:21]} Qe5 {[%emt 0:01:48]} 19. Bf3 {[%emt 0:20:59]} Rc7 {[%emt 0:06:18]} 20. Kg2 {[%emt 0:07:16]} Rfc8 {[%emt 0:02:57]} 21. h4 {[%emt 0:00:58]} Be4 {[%emt 0:04:56]} 22. Rh1 {[%emt 0:03:38]} Rc5 {[%emt 0:04:52]} 23. Rh2 {[%emt 0:02:12]} d5 {[%emt 0:03:04]} 24. h5 {[%emt 0:04:03]} g5 {[%emt 0:01:10]} 25. Bxe4 {[%emt 0:01:51]} dxe4 {[%emt 0:03:27]} 26. Rd1 {[%emt 0:00:38]} R5c6 {[%emt 0:01:05]} 27. Rd8+ {[%emt 0:00:53]} Rxd8 {[%emt 0:00:27]} 28. Qxc6 {[%emt 0:00:06]} f5 {[%emt 0:06:49]} 29. Rh1 {[%emt 0:05:56]} Qd6 {[%emt 0:11:51]} 30. Qb7 {[%emt 0:08:04]} a5 {[%emt 0:02:03]} 31. h6 {[%emt 0:01:00]} Kf7 {[%emt 0:01:28]} 32. g4 {[%emt 0:04:00]} Rb8 {[%emt 0:00:32]} 33. Qd5+ {[%emt 0:03:20]} Qxd5 {[%emt 0:00:38]} 34. cxd5 {[%emt 0:00:04]} Rc8 {[%emt 0:01:18]} 35. Rd1 {[%emt 0:00:29]} f4 {[%emt 0:01:43]} 36. Rd4 {[%emt 0:01:54]} Rd8 {[%emt 0:01:21]} 37. Rxe4 {[%emt 0:02:19]} Rxd5 {[%emt 0:00:15]} 38. e3 {[%emt 0:01:15]} fxe3 {[%emt 0:01:55]} 39. Rxe3 {[%emt 0:00:54]} Rd6 {[%emt 0:01:09]} 40. Rf3+ {[%emt 0:03:16]} Rf6 {[%emt 0:01:32]} 41. Rh3 {[%emt 0:30:09]} Kg6 {[%emt 0:30:22]} 42. Re3 {[%emt 0:00:28]} Kf7 {[%emt 0:00:30]} 43. Rh3 {[%emt 0:00:04]} Rf4 {[%emt 0:00:00]} 44. Rf3 {[%emt 0:00:00]} Rf6 {[%emt 0:00:00]} 45. Rh3 {[%emt 0:00:00]} Rd6 {[%emt 0:00:00]} 46. Rf3+ {[%emt 0:00:00]} Kg6 {[%emt 0:00:00]} 47. Rf5 {[%emt 0:00:00]} Kxh6 {[%emt 0:00:00]} 48. Rb5 {[%emt 0:00:00]} Kg6 {[%emt 0:00:00]} 49. Kg3 {[%emt 0:00:00]} Rf6 {[%emt 0:00:00]} 50. Re5 {[%emt 0:00:00]} Rd6 {[%emt 0:00:00]} 51. Rxe7 {[%emt 0:00:00]} h6 {[%emt 0:00:00]} 52. Re3 {[%emt 0:00:00]} 1/2-1/2

[Event "Int SVK-ch Open 2020"]
[Site "Drienica"]
[Date "2020.08.13"]
[Round "7.7"]
[White "Bombek, Peter"]
[Black "Garancovsky, Pavol"]
[Result "1/2-1/2"]
[WhiteElo "2181"]
[BlackElo "2027"]
[Annotator "RC"]
[PlyCount "26"]
[EventDate "2020.08.07"]
[EventType "swiss"]
[EventCountry "SVK"]
[SourceTitle "playchess.com"]
[Source "ChessBase"]
[SourceQuality "1"]
[TimeControl "40/5400+30:1800+30"]

1. d4 {[%emt 0:00:00]} g6 {[%emt 0:01:46]} 2. Nf3 {[%emt 0:00:00]} Bg7 {[%emt 0:00:21]} 3. g3 {[%emt 0:00:00]} Nf6 {[%emt 0:00:37]} 4. Bg2 {[%emt 0:00:11]} O-O {[%emt 0:00:44]} 5. O-O {[%emt 0:00:03]} d6 {[%emt 0:00:46]} 6. a4 {[%emt 0:00:10]} Bg4 {[%emt 0:07:35]} 7. b3 {[%emt 0:02:34]} e5 {[%emt 0:04:01]} 8. dxe5 {[%emt 0:03:37]} Nfd7 {[%emt 0:02:14]} 9. Bb2 {[%emt 0:06:48]} dxe5 {[%emt 0:02:13]} 10. Na3 {[%emt 0:01:40]} Nc6 {[%emt 0:05:38]} 11. h3 {[%emt 0:07:47]} Be6 {[%emt 0:09:34]} 12. Qc1 {[%emt 0:02:39]} e4 {[%emt 0:17:23]} 13. Nh2 {[%emt 0:18:19]} Bxb2 {[%emt 0:01:46]} 1/2-1/2

[Event "Int SVK-ch Open 2020"]
[Site "Drienica"]
[Date "2020.08.13"]
[Round "7.7"]
[White "Socko, Weronika"]
[Black "Hlavac, Peter"]
[Result "1/2-1/2"]
[WhiteElo "1741"]
[BlackElo "1952"]
[Annotator "ChessBase"]
[PlyCount "118"]
[EventDate "2020.08.07"]
[EventType "swiss"]
[EventCountry "SVK"]
[SourceTitle "playchess.com"]
[Source "ChessBase"]
[SourceQuality "1"]
[TimeControl "40/5400+30:1800+30"]

1. d4 {[%emt 0:00:00]} Nf6 {[%emt 0:00:00]} 2. c4 {[%emt 0:00:00]} c5 {[%emt 0:00:09]} 3. e3 {[%emt 0:00:38]} g6 {[%emt 0:01:34]} 4. Nf3 {[%emt 0:00:11]} Bg7 {[%emt 0:00:27]} 5. Nc3 {[%emt 0:00:13]} d5 {[%emt 0:00:42]} 6. dxc5 {[%emt 0:00:47]} Qa5 {[%emt 0:00:23]} 7. Bd2 {[%emt 0:08:19]} dxc4 {[%emt 0:00:14]} 8. Bxc4 {[%emt 0:01:47]} Qxc5 {[%emt 0:00:15]} 9. Qb3 {[%emt 0:02:23]} O-O {[%emt 0:01:31]} 10. O-O {[%emt 0:01:16]} Nc6 11. Qb5 {[%emt 0:01:10]} Qxb5 {[%emt 0:06:05]} 12. Bxb5 {[%emt 0:01:10]} Bd7 {[%emt 0:02:31]} 13. Rac1 {[%emt 0:01:50]} Rfd8 {[%emt 0:02:25]} 14. Rfd1 {[%emt 0:01:02]} a6 {[%emt 0:04:36]} 15. Bc4 {[%emt 0:01:51]} Bg4 {[%emt 0:01:49]} 16. Be2 {[%emt 0:05:11]} Rd7 {[%emt 0:03:06]} 17. h3 {[%emt 0:06:21]} Bxf3 18. Bxf3 Ne5 {[%emt 0:11:09]} 19. Be2 {[%emt 0:03:08]} Rad8 {[%emt 0:00:16]} 20. Be1 {[%emt 0:05:09]} Nd3 {[%emt 0:02:10]} 21. Bxd3 {[%emt 0:00:20]} Rxd3 {[%emt 0:00:07]} 22. Rxd3 {[%emt 0:00:30]} Rxd3 {[%emt 0:00:05]} 23. Kf1 {[%emt 0:00:31]} Ne8 {[%emt 0:06:49]} 24. Ke2 {[%emt 0:01:20]} Rd8 {[%emt 0:01:46]} 25. Rc2 {[%emt 0:03:45]} f5 {[%emt 0:03:10]} 26. e4 {[%emt 0:04:13]} Kf7 {[%emt 0:02:53]} 27. f4 {[%emt 0:07:24]} e5 {[%emt 0:02:46]} 28. fxe5 {[%emt 0:01:23]} Bxe5 {[%emt 0:00:10]} 29. exf5 {[%emt 0:00:43]} gxf5 {[%emt 0:00:09]} 30. Nd1 {[%emt 0:01:09]} Nf6 {[%emt 0:05:40]} 31. Ne3 {[%emt 0:01:57]} Ke6 {[%emt 0:03:57]} 32. b3 {[%emt 0:03:12]} b5 {[%emt 0:02:37]} 33. Rc6+ {[%emt 0:01:50]} Rd6 {[%emt 0:00:10]} 34. Rxd6+ {[%emt 0:00:45]} Bxd6 {[%emt 0:00:15]} 35. Kf3 {[%emt 0:02:08]} h5 {[%emt 0:00:42]} 36. Nc2 {[%emt 0:02:26]} Ne4 {[%emt 0:01:38]} 37. Nb4 {[%emt 0:04:58]} Ng5+ {[%emt 0:03:37]} 38. Ke2 {[%emt 0:02:34]} Bxb4 {[%emt 0:02:07]} 39. Bxb4 {[%emt 0:00:01]} Ke5 {[%emt 0:00:25]} 40. Kd3 {[%emt 0:02:29]} Ne4 {[%emt 0:00:48]} 41. Ba5 {[%emt 0:31:57]} Nc5+ {[%emt 0:40:30]} 42. Ke3 {[%emt 0:00:48]} f4+ {[%emt 0:01:06]} 43. Kf3 {[%emt 0:00:31]} Nd3 {[%emt 0:00:17]} 44. Bd2 {[%emt 0:01:05]} Kf5 {[%emt 0:00:57]} 45. g3 {[%emt 0:04:38]} Ne5+ {[%emt 0:04:21]} 46. Kf2 {[%emt 0:00:41]} fxg3+ {[%emt 0:01:17]} 47. Kxg3 {[%emt 0:00:16]} h4+ {[%emt 0:00:36]} 48. Kf2 {[%emt 0:00:55]} Ke4 {[%emt 0:00:19]} 49. Bg5 {[%emt 0:02:48]} Ng6 {[%emt 0:01:18]} 50. Bf6 {[%emt 0:02:05]} Nf4 {[%emt 0:00:32]} 51. Bxh4 {[%emt 0:00:57]} Nxh3+ {[%emt 0:00:13]} 52. Ke1 {[%emt 0:04:42]} Kd3 {[%emt 0:02:33]} 53. Kd1 {[%emt 0:00:52]} Nf4 {[%emt 0:01:27]} 54. Kc1 {[%emt 0:01:00]} Nd5 {[%emt 0:01:01]} 55. Kb2 {[%emt 0:00:46]} b4 {[%emt 0:07:20]} 56. Bg3 {[%emt 0:03:31]} Ne3 {[%emt 0:02:53]} 57. Bd6 {[%emt 0:01:59]} Nd1+ {[%emt 0:00:55]} 58. Kc1 {[%emt 0:01:31]} Nc3 {[%emt 0:00:12]} 59. Kb2 {[%emt 0:00:05]} Nd1+ {[%emt 0:00:15]} 1/2-1/2

[Event "Int SVK-ch Open 2020"]
[Site "Drienica"]
[Date "2020.08.13"]
[Round "7.8"]
[White "Demeter, Peter"]
[Black "Konyves, Almos"]
[Result "1-0"]
[WhiteElo "2139"]
[BlackElo "2090"]
[Annotator "RC"]
[PlyCount "47"]
[EventDate "2020.08.07"]
[EventType "swiss"]
[EventCountry "SVK"]
[SourceTitle "playchess.com"]
[Source "ChessBase"]
[SourceQuality "1"]
[TimeControl "40/5400+30:1800+30"]

1. Nf3 {[%emt 0:00:00]} d5 {[%emt 0:00:00]} 2. g3 {[%emt 0:00:00]} c6 {[%emt 0:00:14]} 3. Bg2 {[%emt 0:00:00]} Bg4 {[%emt 0:00:21]} 4. d3 {[%emt 0:01:12]} Nd7 {[%emt 0:00:48]} 5. Nbd2 {[%emt 0:01:28]} e5 {[%emt 0:01:59]} 6. h3 {[%emt 0:00:37]} Be6 {[%emt 0:01:55]} 7. c4 {[%emt 0:02:11]} f6 {[%emt 0:03:17]} 8. cxd5 {[%emt 0:06:06]} cxd5 {[%emt 0:01:03]} 9. O-O {[%emt 0:01:12]} Nb6 {[%emt 0:05:41]} 10. e4 {[%emt 0:02:20]} Qd7 {[%emt 0:04:19]} 11. d4 {[%emt 0:02:10]} exd4 {[%emt 0:05:35]} 12. Nxd4 {[%emt 0:00:11]} Bf7 {[%emt 0:03:10]} 13. a4 {[%emt 0:08:08]} Ne7 {[%emt 0:07:53]} 14. a5 {[%emt 0:01:22]} Nc4 {[%emt 0:04:48]} 15. Nxc4 {[%emt 0:07:02]} dxc4 {[%emt 0:00:08]} 16. a6 {[%emt 0:00:13]} b6 {[%emt 0:05:01]} 17. e5 {[%emt 0:02:34]} Rd8 {[%emt 0:03:24]} 18. exf6 {[%emt 0:01:07]} gxf6 {[%emt 0:00:39]} 19. Re1 {[%emt 0:02:52]} Bg7 {[%emt 0:09:59]} 20. Bc6 {[%emt 0:00:18]} Qxc6 {[%emt 0:00:10]} 21. Rxe7+ {[%emt 0:00:19]} Kf8 {[%emt 0:00:04]} 22. Rxf7+ {[%emt 0:00:22]} Kg8 {[%emt 0:01:18]} 23. Rxg7+ {[%emt 0:00:19]} Kf8 {[%emt 0:00:07]} 24. Rf7+ {[%emt 0:00:12]} 1-0

[Event "Int SVK-ch Open 2020"]
[Site "Drienica"]
[Date "2020.08.13"]
[Round "7.8"]
[White "Steiniger, Florian"]
[Black "Malinovsky, Jozef"]
[Result "1-0"]
[WhiteElo "1889"]
[BlackElo "1698"]
[Annotator "NA"]
[PlyCount "116"]
[EventDate "2020.08.07"]
[EventType "swiss"]
[EventCountry "SVK"]
[SourceTitle "playchess.com"]
[Source "ChessBase"]
[SourceQuality "1"]
[TimeControl "40/5400+30:1800+30"]

1. e4 {[%emt 0:00:00]} c5 {[%emt 0:00:00]} 2. c4 {[%emt 0:00:00]} Nc6 {[%emt 0:00:06]} 3. Nc3 {[%emt 0:00:00]} g6 {[%emt 0:01:12]} 4. d3 {[%emt 0:00:06]} Bg7 {[%emt 0:00:08]} 5. g3 {[%emt 0:00:19]} d6 {[%emt 0:00:39]} 6. Bg2 {[%emt 0:00:20]} e5 {[%emt 0:02:09]} 7. Nge2 {[%emt 0:00:55]} Rb8 {[%emt 0:00:49] A36: Symmetrical English vs ...g6: 4 Bg2 Bg7.} 8. O-O {[%emt 0:00:45]} Nge7 {[%emt 0:02:11]} 9. Be3 {[%emt 0:02:32]} O-O {[%emt 0:03:31]} 10. Qd2 {[%emt 0:01:27]} Nd4 {[%emt 0:02:44]} 11. Bh6 {[%emt 0:02:58] [#]} f5 $146 {[%emt 0:04:48]} ({Predecessor:} 11... a6 12. Bxg7 Kxg7 13. f4 f5 14. Rf2 b5 15. Raf1 Qb6 16. fxe5 dxe5 17. exf5 Bxf5 {1-0 (51) Sohraby,A (1996)-Strathoff,M (1925) Ruhrgebiet 2005}) 12. Bxg7 {[%emt 0:03:04]} Kxg7 {[%emt 0:00:11]} 13. f4 {[%emt 0:01:15]} Nec6 {[%emt 0:03:09]} 14. Nxd4 {[%emt 0:02:29]} Nxd4 {[%emt 0:01:15]} 15. Ne2 {[%emt 0:02:15]} fxe4 {[%emt 0:01:42]} 16. dxe4 {[%emt 0:01:02]} b5 {[%emt 0:02:07]} 17. Nxd4 {[%emt 0:02:11]} cxd4 {[%emt 0:00:12]} 18. cxb5 {[%emt 0:06:29]} Rxb5 {[%emt 0:00:00]} 19. b3 {[%emt 0:01:45]} Qe7 {[%emt 0:04:56]} 20. Rac1 {[%emt 0:01:32]} Bb7 {[%emt 0:01:17]} 21. Rc4 {[%emt 0:11:51]} Ba6 {[%emt 0:01:56]} 22. Rfc1 {[%emt 0:01:03]} Rc5 {[%emt 0:02:43]} 23. Rxc5 {[%emt 0:01:49]} dxc5 {[%emt 0:00:00]} 24. Qa5 {[%emt 0:00:22]} Be2 {[%emt 0:04:49]} 25. Rxc5 {[%emt 0:01:18]} Rf7 {[%emt 0:00:47]} 26. Rxe5 {[%emt 0:00:26]} Qb7 {[%emt 0:01:07]} 27. Re6 {[%emt 0:04:08]} Qc7 {[%emt 0:00:21] [#]} 28. Qxc7 $1 {[%emt 0:02:31]} Rxc7 {[%emt 0:00:01]} 29. Rd6 {[%emt 0:01:08]} d3 {[%emt 0:00:07]} 30. e5 {[%emt 0:01:13]} Rc2 {[%emt 0:00:58]} 31. Be4 {[%emt 0:02:58]} Rc1+ $2 {[%emt 0:00:20]} (31... Rxa2 32. Bxd3 Bxd3) 32. Kf2 {[%emt 0:00:06]} Rc2 {[%emt 0:01:54]} 33. Ke3 {[%emt 0:00:19]} Rxa2 {[%emt 0:00:11]} 34. Bxd3 {[%emt 0:00:09]} Bxd3 {[%emt 0:00:02]} 35. Rxd3 {[%emt 0:00:14]} Ra3 {[%emt 0:00:21]} 36. Ke4 {[%emt 0:00:29]} Ra6 {[%emt 0:00:45]} 37. g4 {[%emt 0:00:23]} h5 {[%emt 0:00:12]} 38. gxh5 {[%emt 0:00:24]} gxh5 {[%emt 0:00:02]} 39. f5 {[%emt 0:00:09]} Ra1 {[%emt 0:00:48]} 40. f6+ {[%emt 0:01:16]} Kf7 {[%emt 0:00:19]} 41. Rf3 {[%emt 0:30:47]} (41. Rd7+ $142 Ke8 42. e6 Rf1 43. f7+ Kf8 44. Rxa7 Rf2 45. Ra8+ Ke7 46. Re8+ Kd6 47. f8=Q+ Rxf8 48. Rxf8) 41... Re1+ {[%emt 0:30:42]} 42. Kf5 {[%emt 0:00:07]} a5 {[%emt 0:00:17]} 43. Rd3 $18 {[%emt 0:03:25]} Rf1+ {[%emt 0:00:15]} 44. Ke4 {[%emt 0:00:19]} Re1+ {[%emt 0:00:10]} 45. Kd5 {[%emt 0:00:19]} Re2 {[%emt 0:00:26]} 46. h3 {[%emt 0:00:28]} Re1 {[%emt 0:00:15]} 47. Kd6 {[%emt 0:01:09]} Re2 {[%emt 0:00:05]} 48. Rd5 {[%emt 0:01:28]} Ra2 {[%emt 0:00:39]} 49. Kd7 {[%emt 0:06:01]} a4 {[%emt 0:01:43]} 50. e6+ {[%emt 0:01:34]} Kxf6 {[%emt 0:00:54]} 51. e7 {[%emt 0:00:06]} axb3 {[%emt 0:00:21]} 52. e8=Q {[%emt 0:00:32]} Ra7+ {[%emt 0:01:23]} 53. Kc6 {[%emt 0:00:08]} Ra6+ {[%emt 0:00:42]} 54. Kb5 {[%emt 0:00:20]} b2 {[%emt 0:00:17]} 55. Qe5+ {[%emt 0:00:06]} Kg6 {[%emt 0:00:28]} 56. Qg5+ {[%emt 0:00:28]} Kf7 {[%emt 0:00:04]} 57. Qxh5+ {[%emt 0:00:44]} Rg6 {[%emt 0:00:47]} 58. Rd7+ {[%emt 0:00:51]} Kf6 1-0

[Event "Int SVK-ch Open 2020"]
[Site "Drienica"]
[Date "2020.08.13"]
[Round "7.9"]
[White "Panko Eduard ml."]
[Black "Kravec, Patrik"]
[Result "1/2-1/2"]
[WhiteElo "2007"]
[BlackElo "2119"]
[Annotator "ChessBase"]
[PlyCount "32"]
[EventDate "2020.08.07"]
[EventType "swiss"]
[EventCountry "SVK"]
[SourceTitle "playchess.com"]
[Source "ChessBase"]
[SourceQuality "1"]
[TimeControl "40/5400+30:1800+30"]

1. b3 {[%emt 0:00:00]} e5 {[%emt 0:03:56]} 2. Bb2 {[%emt 0:00:00]} d6 {[%emt 0:01:24]} 3. g3 {[%emt 0:00:24]} g6 {[%emt 0:03:19]} 4. Bg2 {[%emt 0:00:14]} Bg7 {[%emt 0:00:19]} 5. c4 {[%emt 0:00:48]} Ne7 {[%emt 0:00:27]} 6. Nc3 {[%emt 0:01:34]} O-O {[%emt 0:00:23]} 7. d3 {[%emt 0:00:44]} f5 {[%emt 0:01:19]} 8. Qd2 {[%emt 0:07:24]} Nd7 {[%emt 0:04:44]} 9. e3 {[%emt 0:04:11]} Nf6 {[%emt 0:02:28]} 10. Nge2 {[%emt 0:06:20]} c6 {[%emt 0:02:44]} 11. d4 {[%emt 0:06:23]} e4 {[%emt 0:13:03]} 12. h4 {[%emt 0:00:49]} Rb8 {[%emt 0:08:11]} 13. Nf4 {[%emt 0:02:39]} b5 {[%emt 0:04:27]} 14. Bf1 {[%emt 0:02:46]} a6 {[%emt 0:07:23]} 15. Be2 {[%emt 0:04:08]} Qb6 {[%emt 0:06:14]} 16. h5 {[%emt 0:08:30]} Bh8 {[%emt 0:08:33]} 1/2-1/2